000 00302nab a22001097u 4500
008 130520b1989 xxu||||| |||| 00| 0 spa d
041 _aspa
100 1 _aDarige, D.
_967450
245 0 0 _aMúsica religiosa xosa
_cD. Darige
773 0 _tConcilium
_gV.1,1989,págs.249-257
_x0210-1041
_wRev134
942 _cAR
999 _c355449
_d355449